| 000 | 00760nam a22002297a 4500 | ||
|---|---|---|---|
| 999 |
_c11981 _d11981 |
||
| 003 | AR-CdUCM | ||
| 008 | 190404b ||||| |||| 00| 0 spa d | ||
| 040 |
_aMUNICIPALIDAD PROVINCIAL DEL CUSCO _cBIBLIOTECA MUNICIPAL DEL CUSCO |
||
| 082 |
_aEP / 370 / _bP49 _23ed. |
||
| 100 |
_aPeña de Zea, Dina _929205 |
||
| 245 | _aEl Mundo de Los Valores / | ||
| 260 |
_aPerú : _bServicio Gráfico Urbano ; _c2014. |
||
| 300 |
_a135 páginas ; _bilustraciones, graficos, dibujos, _c27cm |
||
| 505 | _a Contenido: Valores | ||
| 650 |
_aEducación primaria _91561 |
||
| 650 |
_aValores _95705 |
||
| 650 |
_aTexto educativo _925832 |
||
| 700 |
_aFernandini, Patricia _929618 |
||
| 700 |
_aPrado, Bernardo _929619 |
||
| 942 |
_2ddc _cLIBROS |
||
| 945 |
_apjha _d2019-04-05 |
||